00503nam a2200193 a 4500001001300000003000900013005001700022008004100039020000800080082001500088100003000103245001800133260005300151300000800204500003500212505001000247650002200257700003000279nice12345678IN_TiNIC20260116012607.0050524s1985 hyda grp 000 0 urd  ac500a297.7bNAS aNasir, Safiuddin Mohammad aAhsanul Qisas aHyderabadbSafiuddin Adabi Vamazhabi Trustc1985 a00p aincludes index and biblioraphy2 aIndex aIslamic-Education1 aNasir, Safiuddin Mohammad